Normal view MARC view

Entry Nombre personal

Number of records used in: 1

001 - NÚMERO DE CONTROL

  • campo de control: 1004

003 - IDENTIFICADOR DE NÚMERO DE CONTROL

  • campo de control: DLC

005 - FECHA Y HORA DE LA ÚLTIMA TRANSACCIÓN

  • campo de control: 20260401100314.0

008 - ELEMENTOS DE DATO DE LONGITUD-FIJA

  • campo de control de longitud fija: 991110n| azannaabn |a aaa c

010 ## - NÚMERO DE CONTROL DE LA BIBLIOTECA DEL CONGRESO

  • Número de control de LC: no 99081591

035 ## - NÚMERO DE CONTROL DEL SISTEMA

  • Número de control de sistema: (OCoLC)oca05099969

040 ## - FUENTE DE CATALOGACIÓN

  • Centro catalogador/agencia de origen: GEU
  • Lengua de catalogación: eng
  • Normas de descripción: rda
  • Centro/agencia transcriptor: GEU
  • Centro/agencia modificador: OCoLC
  • Centro/agencia modificador: NmU
  • Centro/agencia modificador: DLC
  • Centro/agencia modificador: HU
  • Centro/agencia modificador: OCoLC

053 #0 - NÚMERO DE CLASIFICACIÓN LC

  • Número de clasificación–único número o número inicial del rango: PQ7798.26.E7353

100 1# - ENCABEZAMIENTO-NOMBRE DE PERSONA

  • Nombre de persona: Pérez Izquierdo, Gastón

370 ## - LUGAR ASOCIADO

  • Otro lugar asociado: La Plata (Argentina)
  • Fuente del término: naf

373 ## - GRUPO ASOCIADO

  • Grupo asociado: Universidad Nacional de La Plata. Facultad de Ciencias Jurídicas y Sociales
  • Fuente del término: naf

373 ## - GRUPO ASOCIADO

  • Grupo asociado: Academia Argentina de la Historia (Buenos Aires, Argentina)
  • Fuente del término: naf
  • Período de inicio: 2004

374 ## - OCUPACIÓN

  • Ocupación: Professor

374 ## - OCUPACIÓN

  • Ocupación: Lawyers
  • Ocupación: Historians
  • Fuente del término: lcdgt

375 ## - GÉNERO/SEXO

  • Género: Males
  • Fuente del término: lcdgt

377 ## - IDIOMA ASOCIADO

  • Código del idioma: spa

400 1# - TRAZADO DE VÉASE--NOMBRE DE PERSONA

  • Nombre de persona: Izquierdo, Gastón Pérez

670 ## - FUENTE DE DATOS ENCONTRADOS

  • Cita de la fuente: La última carta de Pellegrini, c1999:
  • Información encontrada: t.p. (Gastón Pérez Izquierdo) front flap (lawyer; doctorate in juridical sciences from Universidad de La Plata; former dean of the law school at Universidad de La Plata)

670 ## - FUENTE DE DATOS ENCONTRADOS

  • Cita de la fuente: La Campana del Desierto, 2009:
  • Información encontrada: page 10 (Dr. Gastón Pérez Izquierdo; member of the Academia Argentina de la Historia since 2004)

670 ## - FUENTE DE DATOS ENCONTRADOS

  • Cita de la fuente: Olmo Ediciones website, July 1, 2016:
  • Información encontrada: (Gastón Pérez Izquierdo; lawyer and clerk with a degree from the Universidad de Buenos Aires (1961); licenciatura in diplomacy, Universidad del Salvador (1964); Ph.D. in law and international politics, Universidad Católica in Rome (1965); professor of public international law and political economy who has been affiliated with the Facultad de Ciencias Jurídicas, Universidad de La Plata (1969-1973) and the Facultad de Derecho, Universidad Católica de La Plata (1970-1977); dean of the Facultad de Derecho, Universidad Católica de La Plata (1974-1977); Ph.D. in legal and social sciences, Universidad de La Plata (1973); mayor [intendente municipal] of Lanús (1979-1982); Ministro de Gobierno, Provincia de Buenos Aires (1982-1983); presidente de la Fundación "Dr. Emilio J. Hardoy"; Colaborador de los diarios La Nación y La Nueva Provincia; columnista habitual de La Prensa. Autor de varios libros: "La última Carta de Pellegrini", "La Mirada Global", "Adolfo Alsina, Caudillo y Estadista", "Los Marqueses de Buenos Aires", "Borges y Hardoy. Un diálogo en el Cielo", "La Invasión de Inglaterra 200 años después" y "La Campaña del Desierto". Es miembro de la Academia Argentina de la Historia y en la actualidad escribe sobre el almirante español Blas de Lezo)
  • Identificador Uniforme de Recurso: http://www.olmoediciones.com/autor/18/